| 000 | 00408nam a22001457a 4500 | ||
|---|---|---|---|
| 003 | MACL, | ||
| 005 | 20190508163319.0 | ||
| 008 | 190508b xxu||||| |||| 00| 0 eng d | ||
| 040 | _c MACL, | ||
| 100 |
_aGoel, Sushil Kumar _974822 |
||
| 245 | _aEncyclopedic Dictionary of Information Communication Technology | ||
| 260 |
_aJaipur _bKhandelwal Pub _c2016 |
||
| 650 |
_aTechnology _974823 |
||
| 942 |
_2ddc _cBK |
||
| 999 |
_c59726 _d59726 |
||